[Event "British Columbia-ch U20"]
[Site "Richmond CAN"]
[Date "2017.11.13"]
[Round "5.1"]
[White "Zhu, Brandon"]
[Black "Doknjas, Joshua"]
[Result "0-1"]
[WhiteElo "2084"]
[BlackElo "2259"]
[WhiteFideId "-1"]
[WhiteFideId "-1"]
[PlyCount "66"]
[GameId "2160767908308992"]
[EventDate "2017.11.11"]
[EventType "swiss"]
[EventRounds "5"]
[EventCountry "CAN"]
[SourceTitle "EXT 2022"]
[Source "ChessBase"]
[SourceDate "2021.10.06"]
[SourceVersion "1"]
[SourceVersionDate "2021.10.06"]
[SourceQuality "1"]

1. d4 d5 2. c4 c6 3. Nf3 Nf6 4. e3 Bg4 5. h3 Bh5 6. g4 Bg6 7. Ne5 Nbd7 8. Nxg6 hxg6 9. Qb3 e6 10. Qxb7 Rb8 11. Qxc6 Bb4+ 12. Bd2 Ne4 13. Bxb4 Rxb4 14. cxd5 Qa5 15. Nc3 Rxb2 16. Rc1 O-O 17. dxe6 Rb1 18. Rxb1 Nxc3 19. Qa6 Qd5 20. Qb7 Qxe6 21. Rb2 Rb8 22. Qxb8+ Nxb8 23. Rxb8+ Kh7 24. Bd3 Qd5 25. O-O Qf3 26. Kh2 Nd1 27. Be4 Qxe4 28. Rxd1 Qc2 29. Rf1 Qc7+ 30. f4 Qxb8 31. Rf2 Qb7 32. Kg3 Qe4 33. Re2 a5 0-1

[Event "British Columbia-ch U20"]
[Site "Richmond CAN"]
[Date "2017.11.13"]
[Round "5.2"]
[White "Hemstapat, Andrew"]
[Black "Zheng, Victor"]
[Result "1-0"]
[WhiteElo "2098"]
[BlackElo "1814"]
[WhiteFideId "-1"]
[WhiteFideId "-1"]
[PlyCount "61"]
[GameId "2160767908308993"]
[EventDate "2017.11.11"]
[EventType "swiss"]
[EventRounds "5"]
[EventCountry "CAN"]
[SourceTitle "EXT 2022"]
[Source "ChessBase"]
[SourceDate "2021.10.06"]
[SourceVersion "1"]
[SourceVersionDate "2021.10.06"]
[SourceQuality "1"]

1. e4 c5 2. Nf3 d6 3. d4 cxd4 4. Nxd4 Nf6 5. Nc3 a6 6. Bg5 e6 7. f4 Be7 8. Qf3 h6 9. Bh4 Qc7 10. O-O-O Nbd7 11. Bf2 b5 12. a3 Bb7 13. h4 h5 14. Bd3 Nb6 15. Rhe1 Rc8 16. Qg3 Ng4 17. Be2 Nxf2 18. Qxf2 Nc4 19. Bxc4 Qxc4 20. Nb3 O-O 21. Na5 Qc7 22. Nxb7 Qxb7 23. g4 hxg4 24. Qe2 g3 25. Rg1 Bxh4 26. Rh1 g5 27. Rxh4 f5 28. Rh5 g4 29. Rg5+ Kf7 30. exf5 Rfe8 31. Qxg4 1-0

[Event "British Columbia-ch U20"]
[Site "Richmond CAN"]
[Date "2017.11.13"]
[Round "5.3"]
[White "Doknjas, John"]
[Black "Yang, Brian"]
[Result "1-0"]
[WhiteElo "2276"]
[BlackElo "1400"]
[WhiteFideId "-1"]
[WhiteFideId "-1"]
[PlyCount "37"]
[GameId "2160767908308994"]
[EventDate "2017.11.11"]
[EventType "swiss"]
[EventRounds "5"]
[EventCountry "CAN"]
[SourceTitle "EXT 2022"]
[Source "ChessBase"]
[SourceDate "2021.10.06"]
[SourceVersion "1"]
[SourceVersionDate "2021.10.06"]
[SourceQuality "1"]

1. e4 c5 2. Nc3 e6 3. f4 Nc6 4. Nf3 g6 5. e5 Nge7 6. Ne4 Nd5 7. c4 f5 8. Nd6+ Bxd6 9. cxd5 Nxe5 10. fxe5 Bxe5 11. dxe6 O-O 12. exd7 Bxd7 13. Bc4+ Kh8 14. O-O Bg7 15. d3 b5 16. Bd5 Rb8 17. Bg5 Qb6 18. Qd2 Be8 19. Be7 1-0

[Event "British Columbia-ch U20"]
[Site "Richmond CAN"]
[Date "2017.11.13"]
[Round "5.4"]
[White "Zhou, Aiden"]
[Black "Richardson, Kai"]
[Result "1-0"]
[WhiteElo "1942"]
[BlackElo "2068"]
[WhiteFideId "-1"]
[WhiteFideId "-1"]
[PlyCount "75"]
[GameId "2160767908308995"]
[EventDate "2017.11.11"]
[EventType "swiss"]
[EventRounds "5"]
[EventCountry "CAN"]
[SourceTitle "EXT 2022"]
[Source "ChessBase"]
[SourceDate "2021.10.06"]
[SourceVersion "1"]
[SourceVersionDate "2021.10.06"]
[SourceQuality "1"]

1. d4 d5 2. Bf4 e6 3. e3 Nf6 4. Nd2 Be7 5. c3 b6 6. Bd3 Bb7 7. Ngf3 Nbd7 8. h3 c5 9. Qb1 a5 10. Ne5 h6 11. Ndf3 c4 12. Bg6 O-O 13. Bxf7+ Rxf7 14. Qg6 Nxe5 15. Nxe5 Qf8 16. Bxh6 Bd6 17. Nxf7 Qxf7 18. Qxf7+ Kxf7 19. Bf4 Rd8 20. Bxd6 Rxd6 21. f3 b5 22. a3 Rb6 23. Kd2 b4 24. axb4 axb4 25. Kc2 Nd7 26. Ra4 b3+ 27. Kd2 Ke7 28. g4 e5 29. h4 Kd8 30. g5 Ke7 31. h5 Kf7 32. f4 exf4 33. exf4 Re6 34. f5 Ra6 35. Rxa6 Bxa6 36. h6 gxh6 37. Rxh6 Bb5 38. Rd6 1-0

[Event "British Columbia-ch U20"]
[Site "Richmond CAN"]
[Date "2017.11.13"]
[Round "5.5"]
[White "Doknjas, Neil"]
[Black "Taylor, Tristan"]
[Result "1-0"]
[WhiteElo "1918"]
[BlackElo "1592"]
[WhiteFideId "-1"]
[WhiteFideId "-1"]
[PlyCount "87"]
[GameId "2160767908308996"]
[EventDate "2017.11.11"]
[EventType "swiss"]
[EventRounds "5"]
[EventCountry "CAN"]
[SourceTitle "EXT 2022"]
[Source "ChessBase"]
[SourceDate "2021.10.06"]
[SourceVersion "1"]
[SourceVersionDate "2021.10.06"]
[SourceQuality "1"]

1. e4 c6 2. d4 d5 3. exd5 cxd5 4. Bf4 Nf6 5. c3 e6 6. Bd3 Bd6 7. Bxd6 Qxd6 8. Nf3 Nc6 9. Nbd2 O-O 10. O-O b6 11. Re1 Qc7 12. Ne5 Nxe5 13. dxe5 Ne8 14. Nf3 Qe7 15. Nd4 Bb7 16. f4 g6 17. Qg4 Bc8 18. f5 exf5 19. Bxf5 Ng7 20. Bxc8 Raxc8 21. e6 fxe6 22. Nxe6 Nxe6 23. Qxe6+ Qxe6 24. Rxe6 Kg7 25. Rd1 Rcd8 26. Re2 Rf7 27. Red2 Rfd7 28. Kf2 Kf6 29. Ke3 Re7+ 30. Kd3 Re5 31. Rf2+ Ke6 32. Rdf1 Re8 33. Rf7 Re7 34. Rxe7+ Kxe7 35. Rf4 Kd6 36. a4 h5 37. b4 g5 38. Rf6+ Re6 39. Rf8 Re4 40. Rg8 Rg4 41. g3 h4 42. Rg6+ Ke5 43. gxh4 Kf5 44. Rxg5+ 1-0

[Event "British Columbia-ch U20"]
[Site "Richmond CAN"]
[Date "2017.11.13"]
[Round "5.6"]
[White "Chung, Alec"]
[Black "Xu, Andrew"]
[Result "1-0"]
[WhiteElo "1791"]
[BlackElo "1450"]
[WhiteFideId "-1"]
[WhiteFideId "-1"]
[PlyCount "67"]
[GameId "2160767908308997"]
[EventDate "2017.11.11"]
[EventType "swiss"]
[EventRounds "5"]
[EventCountry "CAN"]
[SourceTitle "EXT 2022"]
[Source "ChessBase"]
[SourceDate "2021.10.06"]
[SourceVersion "1"]
[SourceVersionDate "2021.10.06"]
[SourceQuality "1"]

1. c4 c5 2. Nc3 Nc6 3. g3 g6 4. Bg2 Bg7 5. e4 e6 6. Nge2 Nge7 7. d3 O-O 8. Be3 b6 9. Rb1 Bb7 10. Qd2 d6 11. O-O Qd7 12. Bh6 Rac8 13. Bxg7 Kxg7 14. f4 f5 15. a3 a6 16. Na4 Qc7 17. b4 b5 18. bxc5 dxc5 19. cxb5 Nd8 20. Rfc1 axb5 21. Rxc5 Ndc6 22. Rcxb5 Ba8 23. Nc5 Nd8 24. Nd4 Qd6 25. Qc3 e5 26. fxe5 Rxc5 27. Rxc5 Qa6 28. Rc7 Rf7 29. e6 Nxe6 30. Nxe6+ Kg8 31. Rb8+ Nc8 32. Rcxc8+ Qxc8 33. Rxc8+ Rf8 34. Rxf8# 1-0

[Event "British Columbia-ch U20"]
[Site "Richmond CAN"]
[Date "2017.11.13"]
[Round "5.7"]
[White "Sun, Elvin"]
[Black "Van, Anna"]
[Result "1/2-1/2"]
[WhiteElo "1428"]
[BlackElo "1667"]
[WhiteFideId "-1"]
[WhiteFideId "-1"]
[PlyCount "63"]
[GameId "2160767908308998"]
[EventDate "2017.11.11"]
[EventType "swiss"]
[EventRounds "5"]
[EventCountry "CAN"]
[SourceTitle "EXT 2022"]
[Source "ChessBase"]
[SourceDate "2021.10.06"]
[SourceVersion "1"]
[SourceVersionDate "2021.10.06"]
[SourceQuality "1"]

1. e4 c5 2. Nf3 Nc6 3. c3 Nf6 4. d3 e6 5. Bg5 Be7 6. Nbd2 e5 7. Be2 O-O 8. O-O d6 9. Re1 h6 10. Bh4 Be6 11. h3 Rc8 12. Nf1 Qd7 13. N1h2 Rfd8 14. Qd2 Qc7 15. c4 Rd7 16. Nf1 Rdd8 17. Ne3 Qd7 18. Nd5 Bxd5 19. cxd5 Nd4 20. Nxd4 cxd4 21. Bxf6 Bxf6 22. Bg4 Qa4 23. Bxc8 Rxc8 24. Qd1 Qb4 25. Qb3 Qxb3 26. axb3 a6 27. Rac1 Rb8 28. Rc7 Bd8 29. Rd7 Kf8 30. Rxd6 Ke7 31. Rxd8 Rxd8 32. Rc1 1/2-1/2

[Event "British Columbia-ch U20"]
[Site "Richmond CAN"]
[Date "2017.11.13"]
[Round "5.8"]
[White "Singh, Gurbaz"]
[Black "Bremner, William"]
[Result "0-1"]
[WhiteElo "1425"]
[BlackElo "1547"]
[WhiteFideId "-1"]
[WhiteFideId "-1"]
[PlyCount "112"]
[GameId "2160767908308999"]
[EventDate "2017.11.11"]
[EventType "swiss"]
[EventRounds "5"]
[EventCountry "CAN"]
[SourceTitle "EXT 2022"]
[Source "ChessBase"]
[SourceDate "2021.10.06"]
[SourceVersion "1"]
[SourceVersionDate "2021.10.06"]
[SourceQuality "1"]

1. d4 Nf6 2. c4 g6 3. Nc3 d5 4. Nf3 Bg7 5. e3 O-O 6. Be2 c5 7. O-O cxd4 8. exd4 Nc6 9. h3 a6 10. Re1 dxc4 11. Bxc4 b5 12. Bf1 Bb7 13. Be3 Nb4 14. a3 Nbd5 15. Rc1 Rc8 16. Qd2 Nxe3 17. fxe3 Qb6 18. Rc2 Ne4 19. Nxe4 Bxe4 20. Bd3 Bb7 21. Rec1 Rxc2 22. Rxc2 Qd6 23. Qf2 Rd8 24. Rc1 Qd7 25. Bb1 Qd6 26. Ba2 e6 27. Ng5 Qe7 28. Nf3 h6 29. Rc5 Rc8 30. b4 Qd7 31. Bb3 Bf8 32. Ne5 Qe8 33. Rxc8 Bxc8 34. Qf3 Bg7 35. Qc6 Qxc6 36. Nxc6 Kf8 37. a4 Ke8 38. axb5 axb5 39. Na7 Bd7 40. Bc2 Bf8 41. Bd3 Bxb4 42. Bxb5 Ke7 43. Bxd7 Kxd7 44. Kf2 Kc7 45. Kf3 Kb6 46. Nc8+ Kb7 47. Na7 Kxa7 48. g4 Kb7 49. h4 Kc7 50. h5 gxh5 51. gxh5 Kd6 52. e4 Bd2 53. Ke2 Bg5 54. Kd3 f5 55. exf5 exf5 56. Ke2 Kd5 0-1

[Event "British Columbia-ch U20"]
[Site "Richmond CAN"]
[Date "2017.11.13"]
[Round "5.9"]
[White "Wu, Lucian"]
[Black "Gu, Chuyang"]
[Result "0-1"]
[WhiteElo "1838"]
[BlackElo "1830"]
[WhiteFideId "-1"]
[WhiteFideId "-1"]
[PlyCount "64"]
[GameId "2160767908309000"]
[EventDate "2017.11.11"]
[EventType "swiss"]
[EventRounds "5"]
[EventCountry "CAN"]
[SourceTitle "EXT 2022"]
[Source "ChessBase"]
[SourceDate "2021.10.06"]
[SourceVersion "1"]
[SourceVersionDate "2021.10.06"]
[SourceQuality "1"]

1. d4 Nf6 2. c4 e6 3. Nc3 Bb4 4. Qc2 O-O 5. a3 Bxc3+ 6. Qxc3 d5 7. Nf3 dxc4 8. Qxc4 b6 9. Bg5 Ba6 10. Qc2 h6 11. Bf4 Nd5 12. Bg3 Nd7 13. e3 Bxf1 14. Rxf1 Rc8 15. Ke2 c5 16. Qd3 c4 17. Qc2 f5 18. Bd6 Re8 19. Rfd1 b5 20. Kf1 Qb6 21. Bb4 a5 22. Bd2 N7f6 23. Rdc1 Ne4 24. Be1 Rc7 25. Ne5 Rec8 26. f3 Nxe3+ 27. Kg1 Nxc2 28. Rxc2 Qxd4+ 29. Kh1 Qxe5 30. fxe4 Qxe4 31. Rac1 f4 32. Bxa5 Rd7 0-1

[Event "British Columbia-ch U20"]
[Site "Richmond CAN"]
[Date "2017.11.13"]
[Round "5.10"]
[White "Leong, Ryan"]
[Black "Wang, Jerry"]
[Result "0-1"]
[WhiteElo "1589"]
[BlackElo "1521"]
[WhiteFideId "-1"]
[WhiteFideId "-1"]
[PlyCount "72"]
[GameId "2160767908309001"]
[EventDate "2017.11.11"]
[EventType "swiss"]
[EventRounds "5"]
[EventCountry "CAN"]
[SourceTitle "EXT 2022"]
[Source "ChessBase"]
[SourceDate "2021.10.06"]
[SourceVersion "1"]
[SourceVersionDate "2021.10.06"]
[SourceQuality "1"]

1. a3 d5 2. d4 Nf6 3. Nf3 Bf5 4. e3 e6 5. Be2 c5 6. c3 Nc6 7. O-O Bd6 8. dxc5 Bxc5 9. b4 Bd6 10. Bb2 O-O 11. Nbd2 Ne5 12. c4 Nxf3+ 13. Nxf3 dxc4 14. Bxc4 Rc8 15. Bd3 Bxd3 16. Qxd3 Bxh2+ 17. Nxh2 Qxd3 18. Rad1 Qf5 19. Rd4 Qc2 20. Ba1 Qb3 21. g4 Qxa3 22. g5 Nd5 23. Ng4 Nxb4 24. Nh6+ Kh8 25. Rfd1 Nc2 26. Nxf7+ Rxf7 27. Rd8+ Rxd8 28. Rxd8+ Rf8 29. Rd7 Qxa1+ 30. Kg2 Qe5 31. f4 Qxe3 32. g6 Qe4+ 33. Kh3 e5 34. Kg3 Qxf4+ 35. Kg2 Qf3+ 36. Kg1 Qg3+ 0-1

[Event "CAN-ch"]
[Site "Montreal CAN"]
[Date "2017.06.27"]
[Round "1"]
[White "Song, Ziyuan"]
[Black "Gaisinsky, Adam"]
[Result "1-0"]
[WhiteElo "2182"]
[BlackElo "1890"]
[WhiteFideId "-1"]
[WhiteFideId "-1"]
[PlyCount "79"]
[GameId "2160767908410820"]
[EventDate "2017.06.27"]
[EventType "swiss"]
[EventRounds "9"]
[EventCountry "CAN"]
[SourceTitle "CBM 179 Extra"]
[Source "ChessBase"]
[SourceDate "2017.08.23"]
[SourceVersion "1"]
[SourceVersionDate "2017.08.23"]
[SourceQuality "1"]

1. e4 e5 2. Nf3 Nc6 3. Bb5 a6 4. Ba4 Nf6 5. d3 b5 6. Bb3 d6 7. c3 Be7 8. Nbd2 O-O 9. O-O Na5 10. Bc2 c5 11. Re1 Nd7 12. Nf1 Nb6 13. Ne3 Be6 14. d4 Qc7 15. Nf5 Bxf5 16. exf5 f6 17. d5 Qb7 18. Be4 Nd7 19. b3 Qc7 20. h4 Rfc8 21. h5 h6 22. Nh4 Nf8 23. Ng6 Kf7 24. Qg4 Ke8 25. Re3 Ra7 26. Rg3 Qb8 27. f4 Rd7 28. Be3 Nb7 29. Rd1 Bd8 30. fxe5 dxe5 31. Nxf8 Kxf8 32. Bxh6 Rcc7 33. Qg6 Nd6 34. Qh7 Nxe4 35. Bxg7+ Rxg7 36. Qh8+ Ke7 37. Rxg7+ Kd6 38. Qf8+ Re7 39. Rxe7 Bxe7 40. Qxb8+ 1-0

[Event "CAN-ch"]
[Site "Montreal CAN"]
[Date "2017.06.27"]
[Round "1.1"]
[White "Tomb, Maroun"]
[Black "Sambuev, Bator"]
[Result "0-1"]
[WhiteElo "2539"]
[BlackElo "2157"]
[WhiteFideId "-1"]
[WhiteFideId "-1"]
[PlyCount "60"]
[GameId "2160767908410822"]
[EventDate "2017.06.27"]
[EventType "swiss"]
[EventRounds "9"]
[EventCountry "CAN"]
[WhiteTeam "Kanada"]
[BlackTeam "Libanon"]
[WhiteTeamCountry "CAN"]
[BlackTeamCountry "LBN"]

1. e4 e6 2. d4 d5 3. Nd2 c5 4. exd5 exd5 5. Bb5+ Bd7 6. Bxd7+ Nxd7 7. Ngf3 Ngf6 8. O-O Be7 9. dxc5 Nxc5 10. Nb3 Nce4 11. Nfd4 Qd7 12. Qd3 O-O 13. f3 Nd6 14. Bd2 Rfe8 15. Rfe1 Bf8 16. Rxe8 Rxe8 17. Re1 Nc4 18. Rxe8 Nxe8 19. Bc3 b5 20. Ne2 Nc7 21. Nf4 b4 22. Bd4 Nb5 23. Bf2 Nxb2 24. Qxd5 Qe8 25. Nd4 Nc3 26. Qg5 h6 27. Qg3 Nbd1 28. Nf5 g6 29. Nd4 Qd7 30. Nh5 Ne2+ 0-1

[Event "CAN-ch"]
[Site "Montreal CAN"]
[Date "2017.06.27"]
[Round "1.5"]
[White "Masse, Hugues"]
[Black "Yu, Zong Yang"]
[Result "0-1"]
[WhiteElo "2138"]
[BlackElo "2393"]
[WhiteFideId "-1"]
[WhiteFideId "-1"]
[PlyCount "64"]
[GameId "2160767908410826"]
[EventDate "2017.06.27"]
[EventType "swiss"]
[EventRounds "9"]
[EventCountry "CAN"]
[WhiteTeam "Kanada"]
[BlackTeam "Kanada"]
[WhiteTeamCountry "CAN"]
[BlackTeamCountry "CAN"]

1. Nf3 Nf6 2. c4 e6 3. g3 d5 4. d4 Be7 5. Bg2 O-O 6. O-O dxc4 7. Qc2 a6 8. a4 Bd7 9. Qxc4 Bc6 10. Bf4 a5 11. Nc3 Na6 12. Rfd1 Nb4 13. Qb3 Ra6 14. Ne5 Bxg2 15. Kxg2 c6 16. e4 h6 17. Be3 Bd6 18. f3 Qe7 19. Nd3 Bc7 20. Rd2 Nd7 21. Rad1 Nxd3 22. Rxd3 Bb6 23. Qc2 Rd8 24. Bf2 Raa8 25. d5 exd5 26. exd5 Bxf2 27. Qxf2 Nc5 28. Rd4 Rd7 29. d6 Qe5 30. f4 Qf6 31. Qf3 Rad8 32. Rc4 Rxd6 0-1

[Event "CAN-ch"]
[Site "Montreal CAN"]
[Date "2017.06.27"]
[Round "1.8"]
[White "Sohal, Tanraj"]
[Black "Huang, Qiuyu"]
[Result "1/2-1/2"]
[WhiteElo "2319"]
[BlackElo "2034"]
[WhiteFideId "-1"]
[WhiteFideId "-1"]
[PlyCount "81"]
[GameId "2160767908410828"]
[EventDate "2017.06.27"]
[EventType "swiss"]
[EventRounds "9"]
[EventCountry "CAN"]
[WhiteTeam "Kanada"]
[BlackTeam "Kanada"]
[WhiteTeamCountry "CAN"]
[BlackTeamCountry "CAN"]

1. d4 d5 2. c4 e6 3. Nc3 Nf6 4. Bg5 Nbd7 5. cxd5 exd5 6. e3 Be7 7. Bd3 c6 8. Qc2 h6 9. Bh4 Nh5 10. Bxe7 Qxe7 11. Be2 Nhf6 12. Nf3 Nb6 13. Bd3 Be6 14. O-O O-O 15. h3 Rac8 16. Rac1 Nfd7 17. Qe2 a6 18. Bb1 Nc4 19. Na4 Qf6 20. b3 Nd6 21. Nc5 Nxc5 22. Rxc5 Bf5 23. Ne5 Bxb1 24. Rxb1 Rfe8 25. Qf3 Ne4 26. Rc2 Qxf3 27. Nxf3 f6 28. Rbc1 Kf7 29. Kf1 g5 30. Ke2 h5 31. Nd2 Nxd2 32. Kxd2 f5 33. b4 Re4 34. a4 f4 35. b5 axb5 36. axb5 fxe3+ 37. fxe3 Rce8 38. bxc6 bxc6 39. Rxc6 Rxe3 40. Rf1+ Kg7 41. Rc7+ 1/2-1/2

[Event "CAN-ch"]
[Site "Montreal CAN"]
[Date "2017.06.27"]
[Round "1.10"]
[White "Plotkin, Victor"]
[Black "Mills, Morgon"]
[Result "1-0"]
[WhiteElo "2265"]
[BlackElo "2011"]
[WhiteFideId "-1"]
[WhiteFideId "-1"]
[PlyCount "109"]
[GameId "2160767908410830"]
[EventDate "2017.06.27"]
[EventType "swiss"]
[EventRounds "9"]
[EventCountry "CAN"]
[WhiteTeam "Kanada"]
[BlackTeam "Kanada"]
[WhiteTeamCountry "CAN"]
[BlackTeamCountry "CAN"]

1. e4 c6 2. Nc3 d5 3. Nf3 Nf6 4. e5 Ne4 5. d4 Bg4 6. Bd3 Nxc3 7. bxc3 e6 8. O-O c5 9. h3 Bh5 10. Be3 Nc6 11. Rb1 Rb8 12. dxc5 Be7 13. Bd4 O-O 14. Qe2 Qc7 15. Rb5 a6 16. Rb6 Na5 17. Rfb1 Bg6 18. Qe3 Rfc8 19. Nd2 Bxc5 20. Bxc5 Qxc5 21. Qxc5 Rxc5 22. Nb3 Nxb3 23. R1xb3 Bxd3 24. cxd3 h6 25. Rxa6 bxa6 26. Rxb8+ Kh7 27. Rb7 Kg6 28. Kf1 Kf5 29. d4 Ra5 30. a3 f6 31. exf6 gxf6 32. Ke2 Ra4 33. Kd3 e5 34. Ke3 Rc4 35. Kd3 Ra4 36. g3 h5 37. dxe5 fxe5 38. Kd2 Ra5 39. Ke3 Ra4 40. Kd3 Ra5 41. c4 dxc4+ 42. Kxc4 Ra4+ 43. Kc5 Ke4 44. Rb4+ Rxb4 45. axb4 Kf3 46. Kd5 Kxf2 47. g4 hxg4 48. hxg4 Kg3 49. Kxe5 Kxg4 50. Kd5 Kf5 51. Kc6 Ke6 52. Kb6 Kd6 53. Kxa6 Kc7 54. b5 Kb8 55. Kb6 1-0

[Event "CAN-ch"]
[Site "Montreal CAN"]
[Date "2017.06.27"]
[Round "1.13"]
[White "Marin, Sam"]
[Black "Clyde, Jordan"]
[Result "1/2-1/2"]
[WhiteElo "1921"]
[BlackElo "2173"]
[WhiteFideId "-1"]
[WhiteFideId "-1"]
[PlyCount "63"]
[GameId "2160767908410832"]
[EventDate "2017.06.27"]
[EventType "swiss"]
[EventRounds "9"]
[EventCountry "CAN"]
[WhiteTeam "Kanada"]
[BlackTeam "Kanada"]
[WhiteTeamCountry "CAN"]
[BlackTeamCountry "CAN"]

1. c4 e6 2. Nc3 f5 3. d4 Nf6 4. Nf3 Be7 5. g3 b6 6. Bg2 Bb7 7. O-O O-O 8. b3 Ne4 9. Bb2 Bf6 10. Rc1 d6 11. Nxe4 Bxe4 12. Bc3 Nd7 13. Qd2 Qe8 14. Rfd1 Rd8 15. Qb2 Qh5 16. Ne1 Bg5 17. f4 Be7 18. Nd3 Nf6 19. Nf2 Bxg2 20. Kxg2 d5 21. Qd2 Rfe8 22. c5 bxc5 23. dxc5 Ne4 24. Nxe4 dxe4 25. Qb2 Rxd1 26. Rxd1 Bxc5 27. Rd7 Re7 28. Rd8+ Re8 29. Rd7 Re7 30. Rd8+ Re8 31. Rd7 Re7 32. Rd8+ 1/2-1/2

[Event "CAN-ch"]
[Site "Montreal CAN"]
[Date "2017.06.27"]
[Round "2"]
[White "Yu, Zong Yang"]
[Black "Song, Ziyuan"]
[Result "0-1"]
[WhiteElo "2393"]
[BlackElo "2182"]
[WhiteFideId "-1"]
[WhiteFideId "-1"]
[PlyCount "110"]
[GameId "2160767908410835"]
[EventDate "2017.06.27"]
[EventType "swiss"]
[EventRounds "9"]
[EventCountry "CAN"]
[SourceTitle "CBM 179 Extra"]
[Source "ChessBase"]
[SourceDate "2017.08.23"]
[SourceVersion "1"]
[SourceVersionDate "2017.08.23"]
[SourceQuality "1"]

1. d4 Nf6 2. c4 e6 3. Nf3 b6 4. g3 Ba6 5. b3 Bb4+ 6. Bd2 Be7 7. Nc3 c6 8. e4 d5 9. Qc2 dxe4 10. Nxe4 Bb7 11. Bd3 Nbd7 12. Neg5 h6 13. Bg6 hxg5 14. Nxg5 O-O 15. Bh7+ Kh8 16. O-O-O c5 17. d5 Nxd5 18. Bg8 N5f6 19. Nxf7+ Rxf7 20. Bxf7 Bxh1 21. Rxh1 Ne5 22. Bxe6 Nf3 23. Bc3 Nd4 24. Bxd4 Qxd4 25. Rd1 Qa1+ 26. Qb1 Qxb1+ 27. Kxb1 Ne4 28. Rd7 Bf6 29. f4 Nc3+ 30. Kb2 Ne2+ 31. Ka3 Rd8 32. Rxd8+ Bxd8 33. Bg4 Nd4 34. Kb2 Bf6 35. Kc1 g5 36. Kd2 gxf4 37. gxf4 Kg7 38. Ke3 Nc6 39. Ke4 Ne7 40. Bd7 Bc3 41. Kd3 Bb2 42. Kc2 Bd4 43. Kd3 Ng6 44. Ke4 Kf6 45. b4 Bg1 46. bxc5 Bxc5 47. Be8 Bd6 48. f5 Ne7 49. Bd7 Bxh2 50. a4 a5 51. Be6 Bd6 52. Bd7 Ng8 53. Be6 Nh6 54. Kd5 Bb4 55. Ke4 Nf7 0-1

[Event "CAN-ch"]
[Site "Montreal CAN"]
[Date "2017.06.27"]
[Round "2.7"]
[White "Clyde, Jordan"]
[Black "Sohal, Tanraj"]
[Result "1-0"]
[WhiteElo "2173"]
[BlackElo "2319"]
[WhiteFideId "-1"]
[WhiteFideId "-1"]
[PlyCount "121"]
[GameId "2160767908410841"]
[EventDate "2017.06.27"]
[EventType "swiss"]
[EventRounds "9"]
[EventCountry "CAN"]

1. e4 c5 2. Nc3 Nc6 3. Bb5 g6 4. Bxc6 dxc6 5. f4 Bg7 6. Nf3 Nf6 7. O-O O-O 8. d3 b6 9. Qe1 e6 10. e5 Nd5 11. Ne4 Qe7 12. a3 Ba6 13. c4 Nc7 14. f5 exf5 15. Bg5 Qd7 16. Nf6+ Bxf6 17. Bxf6 Ne8 18. Qh4 Nxf6 19. exf6 Qd6 20. g4 Qf4 21. Kh1 h5 22. gxh5 Qxh4 23. Nxh4 Rad8 24. hxg6 fxg6 25. Nxg6 Rxf6 26. Nf4 Bc8 27. Rae1 Kf7 28. Re3 Rh8 29. h3 Rg8 30. Kh2 Rh6 31. Rg3 Re8 32. Kg2 Rd8 33. Re3 Rg8+ 34. Kf3 Rd8 35. Kg3 Rh7 36. Rfe1 Kf6 37. Re8 Rxe8 38. Rxe8 Bd7 39. Rg8 Re7 40. h4 Be8 41. h5 Rg7+ 42. Rxg7 Kxg7 43. Ne6+ Kh6 44. Kf4 Kxh5 45. Kxf5 Bg6+ 46. Ke5 Bxd3 47. Nd8 Bxc4 48. Nxc6 a6 49. Nb8 b5 50. Nd7 b4 51. a4 Kg5 52. Nxc5 Be2 53. a5 Bb5 54. b3 Be2 55. Kd6 Kf5 56. Kc6 Ke5 57. Kb6 Kd5 58. Nxa6 Bxa6 59. Kxa6 Kc6 60. Ka7 Kc7 61. a6 1-0

[Event "CAN-ch"]
[Site "Montreal CAN"]
[Date "2017.06.27"]
[Round "2.8"]
[White "Huang, Qiuyu"]
[Black "Lecomte, Andre"]
[Result "1-0"]
[WhiteElo "2034"]
[BlackElo "1947"]
[WhiteFideId "-1"]
[WhiteFideId "-1"]
[PlyCount "91"]
[GameId "2160767908410842"]
[EventDate "2017.06.27"]
[EventType "swiss"]
[EventRounds "9"]
[EventCountry "CAN"]

1. e4 c5 2. Nf3 Nc6 3. d4 cxd4 4. Nxd4 Nf6 5. Nc3 e5 6. Ndb5 d6 7. Bg5 a6 8. Na3 b5 9. Nd5 Be7 10. Bxf6 Bxf6 11. c4 b4 12. Nc2 Rb8 13. Be2 O-O 14. O-O Bg5 15. Qd3 Kh8 16. Nde3 Be6 17. b3 Nd4 18. Nxd4 exd4 19. Nc2 Bf6 20. Nxd4 Qb6 21. Rad1 Be7 22. Kh1 Qb5 23. f4 Bd7 24. Bf3 Rbd8 25. Nc2 Bc8 26. Qe3 Rfe8 27. Qe1 a5 28. Rd5 Qb7 29. Nd4 Bd7 30. Qd1 Kg8 31. Re1 Kf8 32. Bg4 Bc6 33. Nxc6 Qxc6 34. Qd3 Kg8 35. Rd1 Qc7 36. h3 g6 37. Rb5 Rb8 38. Rd5 Rbd8 39. Qd4 h6 40. f5 g5 41. f6 Bf8 42. Qd2 Rb8 43. Rxg5+ Kh8 44. Rh5 Re5 45. Rxh6+ Kg8 46. Bf5 1-0

[Event "CAN-ch"]
[Site "Montreal CAN"]
[Date "2017.06.27"]
[Round "2.9"]
[White "Oussedik, Elias"]
[Black "Marin, Sam"]
[Result "1-0"]
[WhiteElo "2155"]
[BlackElo "1921"]
[WhiteFideId "-1"]
[WhiteFideId "-1"]
[PlyCount "77"]
[GameId "2160767908410843"]
[EventDate "2017.06.27"]
[EventType "swiss"]
[EventRounds "9"]
[EventCountry "CAN"]

1. d4 Nf6 2. c4 e6 3. Nf3 b6 4. g3 Ba6 5. Qa4 Be7 6. Bg2 Bb7 7. O-O O-O 8. Rd1 d6 9. Nc3 Nbd7 10. Qc2 d5 11. Ne5 c6 12. Bf4 Rc8 13. Rac1 Re8 14. e4 Nf8 15. h3 Ng6 16. Be3 dxe4 17. Nxe4 Qc7 18. Nxg6 hxg6 19. Bf4 Qd7 20. Qa4 Nxe4 21. Bxe4 g5 22. Be3 Qc7 23. d5 Qe5 24. dxc6 Qxe4 25. cxb7 Qxb7 26. Rd7 Qf3 27. Qxa7 Bf6 28. b3 Ra8 29. Qb7 Qh5 30. Kg2 Rxa2 31. Qxb6 g4 32. hxg4 Qxg4 33. Qc6 Rb8 34. Rh1 Be5 35. Rh3 g5 36. Rxf7 Kxf7 37. Qd7+ Kg8 38. Qh7+ Kf8 39. Bc5+ 1-0

[Event "CAN-ch"]
[Site "Montreal CAN"]
[Date "2017.06.27"]
[Round "2.10"]
[White "Mills, Morgon"]
[Black "Tomb, Maroun"]
[Result "0-1"]
[WhiteElo "2011"]
[BlackElo "2157"]
[WhiteFideId "-1"]
[WhiteFideId "-1"]
[PlyCount "88"]
[GameId "2160767908410844"]
[EventDate "2017.06.27"]
[EventType "swiss"]
[EventRounds "9"]
[EventCountry "CAN"]

1. e4 d6 2. d4 Nf6 3. Nc3 e5 4. Nf3 Nbd7 5. Bc4 Be7 6. Bxf7+ Kxf7 7. Ng5+ Kg8 8. Ne6 Qe8 9. Nxc7 Qg6 10. Qd3 Rb8 11. Be3 b6 12. N7d5 Nxd5 13. Nxd5 Bd8 14. Qb3 Qf7 15. Qa3 exd4 16. Bxd4 Nc5 17. f3 Be6 18. O-O-O Bxd5 19. Bxc5 bxc5 20. Rxd5 Bf6 21. c3 Be5 22. Rd3 Bxh2 23. Kb1 Be5 24. Rf1 g5 25. f4 gxf4 26. g3 Qc4 27. Rdf3 Qxe4+ 28. Ka1 Kg7 29. gxf4 Rhf8 30. Qxa7+ Rb7 31. Qa6 Rbf7 32. a3 Bxf4 33. R3f2 c4 34. Qa4 h6 35. Qd1 Be5 36. Rg1+ Kh7 37. Re2 Qd3 38. Rd2 Qf3 39. Qc2+ Qf5 40. Qa4 Qe4 41. Rdd1 Ra8 42. Qb5 Rxa3+ 43. bxa3 Bxc3+ 44. Ka2 Qc2+ 0-1